Nové zdroje energie /
Salvato in:
| Autore principale: | |
|---|---|
| Natura: | Libro |
| Lingua: | ceco |
| Pubblicazione: |
Praha :
SNTL,
1989
|
| Tags: |
Nessun Tag, puoi essere il primo ad aggiungerne!!
|
MARC
| LEADER | 00000nam a22000003a 4500 | ||
|---|---|---|---|
| 001 | stu1704 | ||
| 005 | 20150617225619.5 | ||
| 008 | 920525s1989----cs------------------cze-d | ||
| 040 | |a STU |b slo | ||
| 041 | 0 | |a cze | |
| 044 | |a cs | ||
| 080 | |a 620.9 | ||
| 100 | 1 | |a Balák, Rudolf |4 aut | |
| 245 | 1 | |a Nové zdroje energie / |c [aut.] Balák,Rudolf | |
| 260 | |a Praha : |b SNTL, |c 1989 | ||
| 300 | |a 205 s | ||
| 996 | |b 284EK03581 |c E*69407 |l EE01 |s A |a 24 |w stu1704_0001 | ||
| 996 | |b 284EK03582 |c E*69408 |l EE0101 |s P |a 0 |w stu1704_0002 | ||
| 996 | |b E69409 |c E*69409 |l EE10 |s P |a 0 |w stu1704_0003 | ||